Online
Catalog

Poemas a viva voz : (Record no. 10146)

MARC details
000 -CABECERA
campo de control de longitud fija 01287cam a2200325 a 4500
001 - NÚMERO DE CONTROL
campo de control 000010387
005 - FECHA Y HORA DE LA ÚLTIMA TRANSACCIÓN
campo de control 20200929162227.0
008 - DATOS DE LONGITUD FIJA--INFORMACIÓN GENERAL
campo de control de longitud fija 930208m19871993sp b s000 0 spa
020 ## - NÚMERO INTERNACIONAL ESTÁNDAR DEL LIBRO
Número Internacional Estándar del Libro 8400065786 (v. 1)
020 ## - NÚMERO INTERNACIONAL ESTÁNDAR DEL LIBRO
Número Internacional Estándar del Libro 8486947057 (v. 2)
020 ## - NÚMERO INTERNACIONAL ESTÁNDAR DEL LIBRO
Número Internacional Estándar del Libro 8478201432 (v. 3)
035 ## - NÚMERO DE CONTROL DEL SISTEMA
Número de control de sistema (DLC) 93112695
040 ## - FUENTE DE LA CATALOGACIÓN
Centro catalogador/agencia de origen DO-SdBNP
Lengua de catalogación spa
Centro/agencia transcriptor DLC
Centro/agencia modificador DLC
-- BNPHU
082 ## - NÚMERO DE LA CLASIFICACIÓN DECIMAL DEWEY
Número de clasificación 861.64
Número de documento/Ítem P744a
049 ## - FONDOS LOCALES (OCLC)
Fondos de biblioteca BNGR
245 00 - MENCIÓN DE TÍTULO
Título Poemas a viva voz :
Resto del título antología.
260 ## - PUBLICACIÓN, DISTRIBUCIÓN, ETC.
Lugar de publicación, distribución, etc. Zaragoza :
Nombre del editor, distribuidor, etc. Institución Fernando el Católico,
Fecha de publicación, distribución, etc. [1987]-[1993] .
300 ## - DESCRIPCIÓN FÍSICA
Extensión 3 v ;
Dimensiones 25 cm.
490 1# - MENCIÓN DE SERIE
Mención de serie Publicación número de la Institución "Fernando el Católico"
Designación de volumen o secuencia 1309, 1065, 1196.
500 ## - NOTA GENERAL
Nota general Cincuenta aniversario, (1943-1993)
504 ## - NOTA DE BIBLIOGRAFÍA, ETC.
Nota de bibliografía, etc. Incluye referencias bibliográficas.
505 0# - NOTA DE CONTENIDO CON FORMATO
Información miscelánea t. 1
Título Sesiones poéticas del curso 1985-86 --
505 0# - NOTA DE CONTENIDO CON FORMATO
Información miscelánea t.2
Título Sesiones poéticas de los cursos 1986-87 y 1987-88 --
505 0# - NOTA DE CONTENIDO CON FORMATO
Información miscelánea t.3
Título Sesiones poéticas de los cursos 1988-89, 1989-90 y 1990-91.
650 #4 - PUNTO DE ACCESO ADICIONAL DE MATERIA--TÉRMINO DE MATERIA
Término de materia o nombre geográfico como elemento de entrada Poesía española
Subdivisión cronológica SIGLO XX
9 (RLIN) 9197
650 #4 - PUNTO DE ACCESO ADICIONAL DE MATERIA--TÉRMINO DE MATERIA
Término de materia o nombre geográfico como elemento de entrada Literatura española
Subdivisión cronológica SIGLO XX
9 (RLIN) 3326
710 1# - PUNTO DE ACCESO ADICIONAL--NOMBRE DE ENTIDAD CORPORATIVA
Nombre de entidad corporativa o nombre de jurisdicción como elemento de entrada Institución "Fernando el Católico."
9 (RLIN) 19282
830 #0 - PUNTO DE ACCESO ADICIONAL DE SERIE-TÍTULO UNIFORME
Título uniforme Publicación número de la Institución "Fernando el Católico"
Designación de volumen o secuencia 1309, 1196, 1309.
9 (RLIN) 25402
910 ## - DATOS DE OPCIÓN DEL USUARIO (OCLC)
Datos de opción del usuario Catalogación por copia / LC
Holdings
Estado de retiro Estado de pérdida Restricciones de uso No para préstamo Código de colección Localización permanente Ubicación/localización actual Ubicación en estantería Fecha de adquisición Número de inventario Total de préstamos Signatura topográfica completa Código de barras Fecha visto por última vez Precio válido a partir de Tipo de ítem Koha
        Monografías: Libros y Folletos General General En catalogación 06.10.2009 LF1   v.1 10387-10 25.06.2020 25.06.2020 Préstamo en sala
        Monografías: Libros y Folletos General General En catalogación 06.10.2009 LF1   v.2 10387-20 25.06.2020 25.06.2020 Préstamo en sala
        Monografías: Libros y Folletos General General En catalogación 06.10.2009 LF1   v.3 10387-30 25.06.2020 25.06.2020 Préstamo en sala

Powered by Koha